000 00605nam a2200253 a 4500
001 nice12345678
003 IN_TiNIC
005 20260116013353.0
008 050524s1989 dela grp 000 0 eng
020 _a
_c110
082 0 0 _a181.4
_bCHA5
100 _aChakrabarti, Mohit
245 _aGandhian Mysticism
260 _aDelhi
_bAtlantic Pub
_c1989
300 _a126p
500 _aincludes index and biblioraphy
505 2 _aIndex
650 _aPhilosophy-Hindu
650 _aGandhi M K-Philosophy
700 1 _aChakrabarti, Mohit
902 _bSRS
942 _cBK
999 _c10733
_d10733